000 00865nam a22003017a 4500
003 DO-SdBNP
005 20180201111013.0
007 001158
008 160818b 2004 sp|| 00| 0 spa d
017 _a
_b
020 _a9788466303880
035 _a
040 _aBPMSU
_bspa
_cBPMSU
_e
080 _a
082 4 _a861.5
_bB398r
100 1 _aBécquer, Gustavo Adolfo,
_d1836-1870
245 1 _aRimas y Leyendas /
_cGustavo Adolfo Bécquer,
_b
250 _a3a ed. Anotada y comentada
260 _aMadrid :
_bSuma de Letras,
_c2004.
300 _a281 p. ;
_c18 cm.
490 1 _a Punto de lectura
_v300/2
650 7 _aPOESÍAS ESPAÑOLA
_x
_2
700 1 _aMadroñal Durán, Abraham
_eestudios y notas
830 0 _a Punto de lectura
_n300/2
942 _2ddc
_cBK
945 _aInventariado, 2018 / BT
956 _aBTAVÁREZ
_b10
_d20160818
_fBPMSU
_h0038
999 _c11172
_d11172